[Event "19th Spring Fest"]
[Site "Budapest HUN"]
[Date "2003.03.14"]
[Round "1"]
[White "Goczo,M"]
[Black "Fehr,J"]
[Result "1-0"]
[WhiteElo "2222"]
[BlackElo "2026"]

1.d4 d5 2.c4 Nc6 3.Nf3 Bg4 4.cxd5 Bxf3 5.dxc6 Bxc6 6.Nc3 e6 7.a3 Nf6 8.Bg5 Be7
9.e3 O-O 10.Qc2 h6 11.Bh4 Nh5 12.Bxe7 Qxe7 13.O-O-O a6 14.Be2 Nf6 15.e4 Rfd8
16.Bf3 e5 17.d5 Be8 18.g4 b5 19.Rhg1 b4 20.axb4 Qxb4 21.g5 hxg5 22.Rxg5 Nd7
23.Rdg1 g6 24.h4 Nc5 25.Bd1 Rab8 26.R5g3 Rd6 27.Na2 Qd4 28.Rc3 Ba4 29.Qe2 Nxe4
30.Rc4 Rxb2 31.Rxd4 Rxe2 32.Rxa4  1-0

[Event "German Cup Final"]
[Site "Berlin GER"]
[Date "2003.03.22"]
[Round "1"]
[White "Dautov,R"]
[Black "Hansen,SuB"]
[Result "1/2-1/2"]
[WhiteElo "2604"]
[BlackElo "2537"]

1.d4 d5 2.c4 Nc6 3.cxd5 Qxd5 4.e3 e5 5.Nc3 Bb4 6.Bd2 Bxc3 7.bxc3 Nf6 8.f3 O-O
9.Bd3 exd4 10.cxd4 Nxd4 11.exd4 Qxd4 12.Be2 Nd5 13.Rc1  1/2-1/2

[Event "19th Spring Fest"]
[Site "Budapest HUN"]
[Date "2003.03.22"]
[Round "9"]
[White "Somogyi,I"]
[Black "Wilke,W"]
[Result "1/2-1/2"]
[WhiteElo "2257"]
[BlackElo "2275"]

1.d4 d5 2.c4 Nc6 3.e3 Nf6 4.Nc3 e6 5.Nf3 Bb4 6.Bd3 O-O 7.O-O dxc4 8.Bxc4 Re8
9.Qc2 a6 10.a3 Bd6 11.Rd1 Bd7 12.e4 e5 13.Ng5 Rf8 14.Nd5 h6 15.Nf3 Bg4 16.dxe5 Nxe5
17.Be2 Nxf3+ 18.gxf3 Nxd5 19.Rxd5 Be6 20.Rh5 Qf6 21.Kh1 Qg6 22.f4 Bg4 23.Rh4 f5
24.e5 Bxe2 25.Qxe2 Be7 26.Rh3 Rad8 27.Be3 Qe6 28.Rc1 c6 29.Bb6 Qd5+ 30.Qf3 Qxf3+
31.Rxf3 Rd5 32.Rg1 Bc5 33.Bxc5 Rxc5 34.Rg6 Rf7 35.Kg2 Rb5 36.b4 a5 37.bxa5 Rxa5
38.Rd6 Re7 39.h4 Kf7 40.h5 Rc5 41.Rfd3 Rc4 42.Kg3 Rc1 43.Kg2 Rc4 44.Kg3 Rc1
45.Kg2 Rc4  1/2-1/2

[Event "Spring Open"]
[Site "Belgrade YUG"]
[Date "2003.04.01"]
[Round "8"]
[White "Sahovic,D"]
[Black "Dakic,D"]
[Result "0-1"]
[WhiteElo "2348"]
[BlackElo "2143"]

1.d4 d5 2.c4 Nc6 3.cxd5 Qxd5 4.e3 e5 5.Nc3 Bb4 6.Bd2 Bxc3 7.bxc3 Nf6 8.c4 Qd6
9.d5 Ne7 10.Rb1 a5 11.Qc2 Nd7 12.e4 Nc5 13.Ne2 Nxe4 14.Be3 b6 15.f3 Nc5 16.Rb5 Na6
17.Nc3 Nb4 18.Qa4 O-O 19.c5 Qg6 20.d6 Nf5 21.Bf2 Nd4 22.Bxd4 exd4 23.Ne4 Bd7
24.dxc7 bxc5 25.Nxc5 Qb1+ 26.Kf2 Rfe8 27.g4 Qe1+ 28.Kg2 Bc6 29.Qb3 Re2+  0-1

[Event "National I"]
[Site "Bordeaux FRA"]
[Date "2003.04.06"]
[Round "6"]
[White "Gervais,C"]
[Black "Geenen,M"]
[Result "1/2-1/2"]
[WhiteElo "2151"]
[BlackElo "2345"]

1.d4 d5 2.c4 Nc6 3.Nc3 Nf6 4.Nf3 dxc4 5.e3 e5 6.Bxc4 exd4 7.Nxd4 Nxd4 8.exd4 Be7
9.O-O O-O 10.Bf4 c6 11.Qd3 Bg4 12.Rae1 Qd7 13.d5 cxd5 14.Nxd5 Nxd5 15.Qxd5 Bb4  1/2-1/2

[Event "7th Neckar Open"]
[Site "Deizisau GER"]
[Date "2003.04.17"]
[Round "1"]
[White "Gebhardt,Uw"]
[Black "Gustafsson,J"]
[Result "0-1"]
[WhiteElo "2129"]
[BlackElo "2573"]

1.d4 d5 2.c4 Nc6 3.cxd5 Qxd5 4.e3 e5 5.Nc3 Bb4 6.Bd2 Bxc3 7.bxc3 Nf6 8.c4 Qd6
9.d5 Nb8 10.Bd3 Na6 11.e4 Nc5 12.Qe2 c6 13.h3 b5 14.Nf3 Nxd3+ 15.Qxd3 bxc4
16.Qxc4 cxd5 17.exd5 Nxd5 18.O-O O-O 19.Rfd1 Be6 20.Qh4 f6 21.Qg3 Qa6 22.Nh2 Rac8
23.Nf1 Kh8 24.Kh2 Rfd8 25.Ne3 Nf4 26.Ng4 Qa4 27.Qh4 Ng6 28.Qh5 Rxd2  0-1

[Event "7th Neckar Open"]
[Site "Deizisau GER"]
[Date "2003.04.20"]
[Round "7"]
[White "Shengelia,D"]
[Black "Gustafsson,J"]
[Result "1/2-1/2"]
[WhiteElo "2457"]
[BlackElo "2573"]

1.d4 d5 2.c4 Nc6 3.Nf3 Bg4 4.e3 e6 5.Nc3 Nf6 6.cxd5 exd5 7.Be2 Bd6 8.a3 O-O
9.b4 Ne7 10.Nb5 Nc8 11.Nxd6 Nxd6 12.b5 Nfe4 13.Qb3 c6 14.bxc6 bxc6 15.O-O Ng5
16.Qd1 Nxf3+ 17.Bxf3 Bxf3 18.Qxf3 Rb8 19.a4 Re8 20.Ba3 Nc4 21.Qg4 Rb7 22.Bc5 Nd2
23.Rfd1 Nb3 24.Rab1 Qb8 25.Ba3 Qc7 26.Qg3 Qa5 27.Bd6 f6 28.h4 Qxa4 29.Qg4 Qc4
30.Qf5 a5 31.h5 Rf7 32.Rb2 a4 33.Rc2 Qa6 34.Ra2 Ra7 35.Rb1 Qb7 36.h6 Qd7
37.Qxd7 Rxd7 38.Bg3 c5 39.dxc5 Nxc5 40.Rc1 Nb3 41.Rb1 Re4 42.hxg7 Kxg7 43.Rbb2 Rc4
44.Bf4 Kg6 45.Rxa4 Rxa4 46.Rxb3 Kf5 47.g3 Ra2 48.Kg2 Rc2 49.Kf3 h5 50.Rb8 Ra7
51.Rh8 Ra3 52.Rxh5+ Ke6 53.Kg4 Rxf2 54.Rh8 Ra7 55.Re8+ Re7 56.Rd8 Rg7+ 57.Kh3 Rd7
58.Re8+ Kf5 59.g4+ Kg6 60.Kg3 Ra2 61.Rg8+ Kf7 62.Rh8 Kg7 63.Rh1 Ra3 64.g5 d4
65.gxf6+ Kxf6 66.Rd1 d3 67.Kf3 Rh7 68.Ke4 Re7+ 69.Kf3 Kf5 70.Rb1 Ra5 71.Rh1  1/2-1/2

[Event "XXI Open"]
[Site "Metz FRA"]
[Date "2003.04.27"]
[Round "9"]
[White "Uhoda,P"]
[Black "Taddei,B"]
[Result "1/2-1/2"]
[WhiteElo "2178"]
[BlackElo "2313"]

1.d4 d5 2.c4 Nc6 3.cxd5 Qxd5 4.e3 e5 5.Nc3 Bb4 6.Bd2 Bxc3 7.Bxc3 exd4 8.Ne2 Nf6
9.Nxd4 O-O 10.Nb5 Qg5 11.h4 Qh6 12.Qf3 Bg4 13.Qg3 Rad8 14.Bc4 Be6 15.Bxe6 fxe6
16.Qg5 Qxg5 17.hxg5 Nd5 18.Nd4 Nxd4 19.Bxd4 Nf4 20.Rd1 e5 21.Bxe5 Nd3+ 22.Rxd3 Rxd3
23.Bxc7 Rc8 24.Be5 Rd5 25.Bc3 Rxg5 26.g3 Rc4 27.Ke2 Rd5 28.f4 b5 29.a3 h5
30.g4 hxg4 31.Rg1 g6 32.Rxg4 Kf7 33.Rg1 Rh5 34.Rg2 Rh3 35.Rg5 Re4 36.Bd4 a6
37.Rc5 Re6 38.Rc7+ Ke8 39.Kd3 Rh1 40.Be5 Rd1+ 41.Ke2 Rd7 42.Rc8+ Kf7 43.Kf3 Rde7
44.Rc5 Ke8 45.Kg4 Kf7 46.Kg5 Re8  1/2-1/2

[Event "FSIMA May"]
[Site "Budapest HUN"]
[Date "2003.05.15"]
[Round "13"]
[White "Lund,E"]
[Black "Dubois,L"]
[Result "1-0"]
[WhiteElo "2269"]
[BlackElo "2264"]

1.d4 d5 2.c4 Nc6 3.cxd5 Qxd5 4.e3 e5 5.Nc3 Bb4 6.Bd2 Bxc3 7.Bxc3 exd4 8.Ne2 Nf6
9.Nxd4 O-O 10.Nb5 Qg5 11.h4 Qh6 12.Nxc7 Bg4 13.Qa4 Rad8 14.Ba6 Bc8 15.Be2 a6
16.Bf3 b5 17.Qc2 Ne7 18.Bb4 Bf5 19.e4 Rd7 20.Bd2  1-0

[Event "IEWCC"]
[Site "Istanbul TUR"]
[Date "2003.06.08"]
[Round "6"]
[White "Jiretorn,E"]
[Black "Milliet,S"]
[Result "1-0"]
[WhiteElo "2106"]
[BlackElo "2240"]

1.d4 d5 2.c4 Nc6 3.Nc3 dxc4 4.Nf3 Nf6 5.e4 Bg4 6.Be3 e6 7.Qa4 Bxf3 8.gxf3 Nd7
9.Qxc4 Nb6 10.Qd3 Qf6 11.f4 O-O-O 12.O-O-O g6 13.Kb1 Bg7 14.Bg2 Qe7 15.d5 Nb4
16.Qb5 N4xd5 17.exd5 Nxd5 18.Rc1 Qb4 19.Qd3 Bh6 20.a3 Qb3  1-0

[Event "IHEM"]
[Site "Hamburg GER"]
[Date "2003.06.10"]
[Round "4"]
[White "Hochgraefe,M"]
[Black "Hebbinghaus,H"]
[Result "1/2-1/2"]
[WhiteElo "2331"]
[BlackElo "2273"]

1.d4 d5 2.c4 Nc6 3.cxd5 Qxd5 4.e3 e5 5.Nc3 Bb4 6.Bd2 Bxc3 7.Bxc3 exd4 8.Ne2 Nf6
9.Nxd4 O-O 10.Nxc6 Qxc6 11.Qf3 Qxf3 12.gxf3 Nd5 13.Bd4 b6 14.Rg1 f6 15.Bc4 Be6
16.O-O-O Rad8 17.b3 Kf7 18.Rd2 c6 19.Bb2 Nc7 20.Bd3 g5 21.Rgd1 Rd5 22.Ba3 c5
23.b4 cxb4 24.Bxb4 Rfd8 25.a3 a5 26.Bc3 Rc5 27.Bc2  1/2-1/2

[Event "FSGM June"]
[Site "Budapest HUN"]
[Date "2003.06.11"]
[Round "5"]
[White "Galyas,M"]
[Black "Biro,S"]
[Result "1-0"]
[WhiteElo "2413"]
[BlackElo "2334"]

1.d4 d5 2.c4 Nc6 3.cxd5 Qxd5 4.e3 e5 5.Nc3 Bb4 6.Bd2 Bxc3 7.Bxc3 exd4 8.Ne2 Nf6
9.Nxd4 O-O 10.Be2 Ne4 11.O-O Nxc3 12.bxc3 Qa5 13.Qb3 Nd8 14.Rfd1 c5 15.Nb5 a6
16.Nd6 Be6 17.Bc4 b5 18.Bxe6 fxe6 19.a4 bxa4 20.Rxa4 Qc7 21.Qc4 Rb8 22.Rxa6 Rb2
23.Ne4 Qe5 24.Rad6 Nf7 25.Qxe6 Qh5 26.Rd8 Rb8 27.Rxf8+ Kxf8 28.g4 Qh4 29.Rd7 Rb1+
30.Kg2 Nh6 31.Nxc5 Qxg4+ 32.Qxg4 Nxg4 33.Ne6+ Ke8 34.Rxg7 Nf6 35.Ng5 Rb2
36.Kf3 Rb5 37.Nxh7 Rf5+ 38.Kg2 Ne4 39.f4 Nxc3 40.Kf3 Nd5 41.Rg5  1-0

[Event "LXVII ch-CRC"]
[Site "Cenfotec CRC"]
[Date "2003.06.14"]
[Round "2"]
[White "Rodriguez,Adr"]
[Black "Hernandez Basante,F"]
[Result "0-1"]
[WhiteElo "2187"]
[BlackElo "2268"]

1.d4 d5 2.c4 Nc6 3.Nf3 Bg4 4.e3 e5 5.dxe5 dxc4 6.Qa4 Bxf3 7.gxf3 Qd5 8.e6 O-O-O
9.exf7 Nf6 10.Be2 Ne5 11.Nd2 Kb8 12.O-O Qxf7 13.Nxc4 Nxc4 14.Qxc4 Qh5 15.Kg2 Bd6
16.f4 Qh4 17.Qe6 Qh6 18.Qh3 Qg6+ 19.Qg3 Qc2 20.Bd1 Qd3 21.Bf3 g5 22.Rd1 Qc2
23.Kh1 Ne4 24.Qg2 gxf4 25.Rf1 Nc5 26.exf4 Rhg8 27.Qh3 Nd3 28.Be3 Bxf4 29.Qh4 Rdf8
30.Bd4 Rg6 31.Qe7 Bd6 32.Qe4 c6 33.Rad1 Rh6 34.Qxd3 Rxh2+  0-1

[Event "IV Open"]
[Site "Lido Estensi ITA"]
[Date "2003.06.15"]
[Round "9"]
[White "Kohlweyer,B"]
[Black "Miladinovic,I"]
[Result "1/2-1/2"]
[WhiteElo "2454"]
[BlackElo "2533"]

1.d4 d5 2.c4 Nc6 3.Nf3 Bg4 4.Nc3 e6 5.Bf4 dxc4 6.e3 Bd6 7.Bg3 Nf6 8.Bxc4 O-O
9.Be2 Ne7 10.O-O Nf5 11.Qb3 Rb8 12.Rfd1 Qe7 13.Rac1 a6 14.Qc2 Rfd8 15.a3 Bh5
16.Na4 Bxf3 17.Bxf3 Nxg3 18.hxg3 e5 19.Nc3 exd4 20.Rxd4 c6 21.Rcd1 Be5 22.Rxd8+ Rxd8
23.Rxd8+ Qxd8 24.Ne4 Ne8 25.Nc5 Qe7 26.Nd3 Bd6 27.b4 Nc7 28.Kf1 g6 29.g4 Nb5
30.Qb2 Qe6 31.Be2 Be7 32.a4 Bf6 33.Qc2 Nc3 34.Nc5 Qe7 35.Qb3 a5 36.Nd3 Ne4
37.Kg1 axb4 38.Qxb4 Qxb4 39.Nxb4 Nc3 40.Bf3 Nxa4 41.Nxc6 bxc6 42.Bxc6 Nc3
43.g3 Kf8 44.Kg2 Ke7 45.f4 h6 46.Kf3 g5 47.e4 Bd4 48.e5 f6 49.exf6+ Kxf6
50.Bb7 Ke6 51.Ba8 Kd6 52.Bb7 Bb6 53.Ba8 Kc5 54.Bb7 Kd4 55.Ba6 Ne4 56.Bb7 Nd2+
57.Ke2 Nc4 58.Ba6 Ba5 59.Kf3 Nd2+ 60.Ke2 Ne4 61.Kf3 Be1 62.Bb7 Nc5 63.Bc6 Kd3
64.Bb5+ Kc2 65.Bc4 Kc1 66.Bd5 Kd1 67.Bc4 Bc3 68.Ke3 Ke1 69.Kf3 Bd4 70.Bb5 Bg1
71.Bc4 Bf2 72.Bb5 Bd4 73.Bc4 Kd2 74.Bb5 Bf6 75.Bc4 Kc3 76.Bb5 Kd4 77.Bc6 Bd8
78.Be8 Ne4 79.Bc6 Nf6 80.Bb7 Bc7 81.Bc6 h5 82.gxh5 g4+ 83.Kg2 Nxh5 84.Bd7 Nf6
85.Be6 Bb6 86.Bf5 Kd5 87.Bc8 Kd6 88.Bf5 Ke7 89.Kh2 Kf7 90.Kg2 Kg7 91.Kh2 Kh6
92.Be6 Bf2 93.Kg2 Be1 94.Kh2 Kg7 95.Kg2 Kf8 96.Kh2 Ke7 97.Bf5 Kd6 98.Kg2 Kd5
99.Bc8 Ke4 100.Be6 Ke3 101.Bf5 Bf2 102.Be6 Be1 103.Bf5 Ne4 104.Bxg4 Nxg3
105.Bc8 Kxf4 106.Bd7 Bb4 107.Bc6 Bc5 108.Bb7 Nf5 109.Ba8 Kg4 110.Bf3+ Kf4
111.Bb7 Nh4+ 112.Kh3 Bf2 113.Bc6 Bg3 114.Bb7 Nf5 115.Ba8 Ne3 116.Bb7 Nd1
117.Ba8 Be1 118.Bb7 Ne3 119.Ba8 Nc4  1/2-1/2

[Event "ch-Barents Region A"]
[Site "Alta NOR"]
[Date "2003.06.22"]
[Round "6"]
[White "Agdestein,S"]
[Black "Bae,T"]
[Result "1/2-1/2"]
[WhiteElo "2571"]
[BlackElo "2347"]

1.d4 d5 2.c4 Nc6 3.cxd5 Qxd5 4.e3 e5 5.Nc3 Bb4 6.Bd2 Bxc3 7.bxc3 Qd6 8.Qc2 Nf6
9.Bd3 O-O 10.Ne2 Re8 11.f3 exd4 12.cxd4 Nb4 13.Bxb4 Qxb4+ 14.Kf2 h6 15.e4 c6
16.Rab1 Qe7 17.Rb2 Nd7 18.Rd1 Qh4+ 19.Kg1 Nf8 20.a4 Qd8 21.f4 Qa5 22.f5 b6
23.e5 Bd7 24.Nc1 c5 25.Bb5 cxd4 26.Bxd7 Nxd7 27.Rb5 Rac8 28.Qxc8 Rxc8 29.Rxa5 bxa5
30.Nd3 Nb6 31.e6 fxe6 32.fxe6 Kf8 33.Rf1+ Ke7 34.Rf7+ Kxe6 35.Rxg7 Nxa4 36.Rxa7 Nc5
37.Nxc5+ Rxc5 38.Ra6+ Kd5 39.Rxh6 Kc4 40.Kf2 d3 41.Ke1 Kc3 42.Kd1 a4 43.Ra6 Rc4
44.h3 Rb4 45.Rc6+ Kb2 46.Kd2 Rb3 47.h4 a3 48.h5 a2 49.Ra6 a1=Q 50.Rxa1 Kxa1
51.g3 Kb2 52.h6 Rb6 53.Kxd3 Rxh6 54.Ke4 Kc3 55.g4 Kc4 56.g5 Rh8 57.g6 Rh5
58.Kf4 Kd4 59.g7 Rh1 60.Kf5 Rg1 61.Kf6 Kd5 62.Kf7  1/2-1/2

[Event "2nd Open"]
[Site "La Fere FRA"]
[Date "2003.06.28"]
[Round "1"]
[White "Dumitrache,D"]
[Black "Dehesdin,W"]
[Result "1-0"]
[WhiteElo "2475"]
[BlackElo "2072"]

1.d4 d5 2.c4 Nc6 3.Nc3 dxc4 4.d5 Ne5 5.Bf4 Ng6 6.Bg3 e5 7.e4 Nf6 8.Bxc4 Bd6
9.Nf3 O-O 10.Nd2 Ng4 11.Be2 Nh6 12.O-O f5 13.exf5 Nxf5 14.Nde4 Nd4 15.Bg4 Nf4
16.Rc1 Bxg4 17.Qxg4 Nd3 18.Rb1 Qc8 19.Qxc8 Raxc8 20.Rfd1 Nf4 21.f3 Nfe2+
22.Kf2 Nxg3 23.hxg3 Be7 24.Ne2 Nb5 25.Rbc1 Nd6 26.N2c3 c6 27.Nxd6 Bxd6 28.Ne4 Bc7
29.dxc6 Bb6+ 30.Ke2 Rxc6 31.Rxc6 bxc6 32.Rd6 Rc8 33.b3 Bd4 34.Kd3 a5 35.g4 Bb2
36.a4 Kf8 37.Rd7 Rb8 38.Kc2 Bd4 39.Ng5  1-0

[Event "2nd Open"]
[Site "La Fere FRA"]
[Date "2003.07.03"]
[Round "8"]
[White "Abeln,M"]
[Black "Bratanov,Z"]
[Result "1-0"]
[WhiteElo "2270"]
[BlackElo "2389"]

1.d4 d5 2.c4 Nc6 3.cxd5 Qxd5 4.e3 e5 5.Nc3 Bb4 6.Bd2 Bxc3 7.Bxc3 exd4 8.Ne2 Nf6
9.Nxd4 O-O 10.Be2 Ne4 11.O-O Nxc3 12.bxc3 Ne7 13.Qc2 c5 14.e4 Qd8 15.Nb5 Nc6
16.f4 f6 17.Rfd1 Qe7 18.Nd6 Na5 19.Qa4 b6 20.Nxc8 Rfxc8 21.Rd7 Qe8 22.Rad1 Rd8
23.Bc4+ Kh8 24.Bf7 Qf8 25.e5 Rdc8 26.e6 Nc6 27.Qxc6 Rxc6 28.e7 Qxf7 29.Rd8+ Qg8
30.Rxa8  1-0

[Event "2nd Open"]
[Site "La Fere FRA"]
[Date "2003.07.04"]
[Round "9"]
[White "Vernay,C"]
[Black "Clery,N"]
[Result "0-1"]
[WhiteElo "2067"]
[BlackElo "2347"]

1.d4 d5 2.c4 Nc6 3.cxd5 Qxd5 4.Nf3 e5 5.Nc3 Bb4 6.Bd2 Bxc3 7.Bxc3 e4 8.Ne5 Nxe5
9.dxe5 Ne7 10.g3 e3 11.f3 Be6 12.Bg2 Qxd1+ 13.Rxd1 Nd5 14.Bd4 O-O-O 15.f4 Nb4
16.O-O Nc2 17.Bxa7 Rd2 18.Rxd2 exd2 19.Be4 Ne1 20.Bc2 Nxc2  0-1

[Event "1st Stage Russian Cup"]
[Site "Tomsk RUS"]
[Date "2003.07.06"]
[Round "3"]
[White "Bocharov,D"]
[Black "Zablotsky,S"]
[Result "1-0"]
[WhiteElo "2526"]
[BlackElo "2410"]

1.d4 d5 2.c4 Nc6 3.Nf3 Bg4 4.Nc3 Nf6 5.cxd5 Nxd5 6.e4 Nxc3 7.bxc3 e5 8.d5 Nb8
9.h3 Bxf3 10.Qxf3 Nd7 11.Rb1 Rb8 12.Qg3 Qf6 13.Bb5 c6 14.Bc4 Nb6 15.Bg5 Qd6
16.Bb3 cxd5 17.exd5 g6 18.O-O Bg7 19.Qh4 f6 20.Be3 O-O 21.Qb4 Qxb4 22.cxb4 Rfd8
23.d6+ Kh8 24.Rfd1 Bf8 25.Bc5 Kg7 26.a4 Nc8 27.Be6 f5 28.d7 Nb6 29.a5 Na4
30.Bxf8+ Kxf8 31.Rbc1 Ke7 32.Bb3 b5 33.Rc7 a6 34.Rd2 e4 35.Kf1 Ra8 36.Ke2 Kf6
37.Ke3 Kg5 38.g3 Rf8 39.h4+ Kh5 40.Kf4 Rad8 41.Rc6 Ra8 42.Be6 Rad8 43.Rc8  1-0

[Event "Open"]
[Site "Montpellier FRA"]
[Date "2003.07.09"]
[Round "3"]
[White "Gladyszev,O"]
[Black "Diakonov,M"]
[Result "1-0"]
[WhiteElo "2455"]
[BlackElo "2096"]

1.d4 d5 2.c4 Nc6 3.cxd5 Qxd5 4.e3 e5 5.Nc3 Bb4 6.Bd2 Bxc3 7.Bxc3 exd4 8.Ne2 Nge7
9.Nxd4 Nxd4 10.Qxd4 Qxd4 11.Bxd4 O-O 12.Rc1 c6 13.Be2 Be6 14.a3 Bd5 15.f3 f5
16.Kf2 Be6 17.b4 a6 18.h3 Rad8 19.Bc5 Kf7 20.g4 g6 21.Rhd1 Bb3 22.Rd3 Rxd3
23.Bxd3 Rd8 24.Ke2 Bd5 25.e4 Be6 26.exf5 gxf5 27.Bxe7 Kxe7 28.gxf5 Bc8 29.Ke3 Kf6
30.Rc5 Rg8 31.Kf4 Rg1 32.Be4 Bd7 33.Rc2 Be8 34.Rd2 Ra1 35.Rd6+ Kf7 36.Rh6 Kg8
37.Re6 Kf7 38.Ke5 Rxa3 39.f6 a5 40.Re7+ Kf8 41.Rxh7 axb4 42.Ke6 Kg8 43.Rxb7 Ra8
44.f7+ Bxf7+ 45.Rxf7 Rb8 46.Rc7 b3 47.Kd7 Rb4 48.Kxc6 b2 49.Rb7  1-0

[Event "25th Open"]
[Site "Oberwart AUT"]
[Date "2003.07.09"]
[Round "5"]
[White "Danner,G"]
[Black "Aschenbrenner,R"]
[Result "1-0"]
[WhiteElo "2359"]
[BlackElo "2229"]

1.d4 d5 2.c4 Nc6 3.Nc3 dxc4 4.Nf3 Nf6 5.e3 Bg4 6.Bxc4 e6 7.h3 Bh5 8.Bb5 Bb4
9.Qa4 Bxc3+ 10.bxc3 Bxf3 11.gxf3 Qd5 12.Be2 O-O 13.Rb1 Rab8 14.Rb5 Qd8 15.e4 Nd7
16.h4 e5 17.Rd5 Nb6 18.Rxd8 Nxa4 19.Rxf8+ Rxf8 20.d5 Nb8 21.Kd2 b6 22.Ba3 Rd8
23.Bb5 Nc5 24.Bxc5 bxc5 25.Ke3 Rd6 26.Rb1 Rb6 27.Rb3 Kf8 28.f4 exf4+ 29.Kxf4 f6
30.Ke3 Ke7 31.Kd3 Kd6 32.f4 g6 33.Kc4 c6 34.dxc6 Nxc6 35.Ra3 a6 36.Rxa6 Rxa6
37.Bxa6 h6 38.Kb5 g5 39.e5+ fxe5 40.fxg5 hxg5 41.hxg5 Ne7 42.Bb7 Nf5 43.g6 Ng7
44.a4  1-0

[Event "32nd TCh-GRE"]
[Site "Kallithea Chalkidiki GRE"]
[Date "2003.07.10"]
[Round "8"]
[White "Kouvatsos,F"]
[Black "Davidenko,H"]
[Result "1-0"]
[WhiteElo "2067"]
[BlackElo "2080"]

1.d4 d5 2.c4 Nc6 3.cxd5 Qxd5 4.e3 e5 5.Nc3 Bb4 6.a3 Bxc3+ 7.bxc3 Nf6 8.Ne2 O-O
9.c4 Qd6 10.d5 Ne7 11.Nc3 e4 12.Qc2 Bf5 13.Nb5 Qd7 14.Bb2 Ne8 15.Qc3 f6 16.Be2 c6
17.dxc6 Qxc6 18.O-O Bg6 19.Rfd1 Bf7 20.a4 a6 21.Ba3 axb5 22.Bxe7 bxa4 23.Qb4 Nc7
24.Bxf8 Rxf8 25.Qxa4 Qc5 26.Rd2 h5 27.Rad1 Ne6 28.Rd5 Qb6 29.Bxh5 g6 30.Rd6  1-0

[Event "25th Open"]
[Site "Oberwart AUT"]
[Date "2003.07.10"]
[Round "6"]
[White "Bannink,B"]
[Black "Fercec,N"]
[Result "0-1"]
[WhiteElo "2265"]
[BlackElo "2440"]

1.d4 d5 2.c4 Nc6 3.cxd5 Qxd5 4.e3 e5 5.Nc3 Bb4 6.Bd2 Bxc3 7.Bxc3 exd4 8.Ne2 Nf6
9.Nxd4 O-O 10.Nb5 Qg5 11.Nxc7 Bg4 12.Qb3 Rad8 13.h3 Bh5 14.g4 Bg6 15.Qb5 Qh4
16.Bg2 Bd3 17.Qxb7 Ne4 18.Rf1 Rd6 19.Bxe4 Bxe4 20.Nb5 Rd3 21.Bd2 Bf3 22.Qc7 Rfd8
23.Qf4 Qxh3 24.Nd4 Nxd4 25.exd4 R3xd4 26.Qg5 h6 27.Qa5 Re8+ 28.Be3 Rxe3+
29.fxe3 Qg3+ 30.Rf2 Qg1+  0-1

[Event "25th Open"]
[Site "Oberwart AUT"]
[Date "2003.07.10"]
[Round "6"]
[White "Schweda,R"]
[Black "Muellneritsch,A"]
[Result "1-0"]
[WhiteElo "2381"]
[BlackElo "2216"]

1.d4 d5 2.c4 Nc6 3.Nf3 Bg4 4.Nc3 dxc4 5.d5 Bxf3 6.gxf3 Na5 7.e4 e6 8.Qa4+ c6
9.dxc6 Nxc6 10.Be3 Qa5 11.Bxc4 Qxa4 12.Nxa4 a6 13.Nc5 Bxc5 14.Bxc5 Nf6 15.O-O Nd7
16.Bd6 Nde5 17.Be2 Nd4 18.Bxe5 Nxe2+ 19.Kg2 f6 20.Bd6 e5 21.Rfd1 Kf7 22.Kf1 Nf4
23.Bc7 Rhe8 24.Rac1 Ne6 25.Bb6 Re7 26.Rd6 Ke8 27.Ke1 Nd8 28.Ke2 Re6 29.Rxd8+ Rxd8
30.Bxd8 Kxd8 31.Ke3 g5 32.h4 h6 33.hxg5 fxg5 34.Rc5 Kd7 35.b3 Re7 36.Rd5+ Ke6
37.Rd8 h5 38.Rh8 h4 39.Rh6+ Kf7 40.Ke2 Kg7 41.Rb6 h3 42.Kf1 Rf7 43.Kg1 Rxf3
44.Rxb7+ Kf8 45.Rh7 g4 46.Rh5 Kf7 47.Rxe5 h2+ 48.Kxh2 Rxf2+ 49.Kg3 Rxa2 50.Kxg4 Rg2+
51.Kf4 Rf2+ 52.Kg3 Rb2 53.Rf5+ Ke6 54.Rf3 Ke5 55.Re3 Rd2 56.Kf3 Rh2 57.Rd3 Rh3+
58.Ke2 Rh6 59.Ke3 Rh3+ 60.Kd2 Rh6 61.Kc3 Kxe4 62.Rd8 a5 63.Kc4 Ke3 64.Kb5 Rh5+
65.Ka4 Ke4 66.Ra8 Kd4 67.Rxa5 Rh1 68.Kb4 Rb1 69.Rh5 Rb2 70.Ka3 Rg2 71.Ka4 Rg8
72.b4 Kc4 73.Rc5+ Kd4 74.Rc6 Kd5 75.b5 Ra8+ 76.Kb4 Ra1 77.Rc2 Kd6 78.b6 Kd7
79.Kb5 Kd8 80.b7 Rb1+ 81.Kc6 Rb3 82.Rc5 Rb1 83.Rd5+ Ke7 84.Rb5 Rc1+ 85.Kb6  1-0

[Event "26th Open"]
[Site "Barbera del Valles ESP"]
[Date "2003.07.11"]
[Round "7"]
[White "Asensio Linan,T"]
[Black "Baches Garcia,G"]
[Result "1/2-1/2"]
[WhiteElo "2222"]
[BlackElo "2399"]

1.d4 d5 2.c4 Nc6 3.Nc3 dxc4 4.d5 Ne5 5.f4 Nd7 6.e4 Nb6 7.Bxc4 Nxc4 8.Qa4+ Bd7
9.Qxc4 a6 10.Nf3 e6 11.Be3 b5 12.Qb3 b4 13.Na4 exd5 14.Rd1 Nf6 15.Ne5 Bb5
16.Nc5 Bd6 17.Qxb4 Nxe4 18.a4 Qh4+ 19.g3 Nxg3 20.hxg3 Qxh1+ 21.Kd2 Qg2+ 22.Kc1 Qxg3
23.Qd4 f6 24.Qxd5 Qxe3+ 25.Kb1 fxe5 26.Qxa8+ Kf7 27.Qd5+ Ke8 28.Qe6+ Be7
29.Qc8+ Kf7 30.Qf5+ Ke8 31.Qc8+ Kf7 32.Qe6+ Ke8 33.Qc8+  1/2-1/2

[Event "25th Open"]
[Site "Oberwart AUT"]
[Date "2003.07.11"]
[Round "7"]
[White "Pataki,G"]
[Black "Aschenbrenner,R"]
[Result "1/2-1/2"]
[WhiteElo "2366"]
[BlackElo "2229"]

1.d4 d5 2.c4 Nc6 3.Nc3 dxc4 4.d5 Ne5 5.Nf3 Ng6 6.e4 e5 7.Bxc4 a6 8.a4 Bd6
9.h4 h6 10.h5 N6e7 11.Be2 Nf6 12.Nd2 c6 13.dxc6 Nxc6 14.Nc4  1/2-1/2

[Event "ch-BEL"]
[Site "Eupen BEL"]
[Date "2003.07.12"]
[Round "8"]
[White "Van der Stricht,G"]
[Black "Meessen,R"]
[Result "1-0"]
[WhiteElo "2450"]
[BlackElo "2279"]

1.d4 d5 2.c4 Nc6 3.Nc3 dxc4 4.Nf3 a6 5.d5 Nb8 6.e4 b5 7.a4 b4 8.Na2 Nf6 9.Bxc4 Nxe4
10.O-O a5 11.Bb5+ Bd7 12.Ne5 Bxb5 13.axb5 Qd6 14.Qg4 b3 15.Qxe4 bxa2 16.Qf5 e6
17.Qxf7+ Kd8 18.Bg5+ Kc8 19.dxe6 Qd5 20.Rfd1 Qb3 21.b6 Qxb6 22.e7 Bxe7 23.Qxe7 Ra6
24.Rxa2 Qb3 25.Rc1 Nc6 26.Qd7+ Kb7 27.Raa1 Nxe5 28.Qxc7+ Ka8 29.Qxe5 a4 30.Qe4+ Ka7
31.Rc7+ Kb8 32.Bf4 Re6 33.Re7+ Kc8  1-0

[Event "25th Politiken Cup"]
[Site "Copenhagen DEN"]
[Date "2003.07.15"]
[Round "2"]
[White "Jiretorn,E"]
[Black "Bromann,T"]
[Result "1/2-1/2"]
[WhiteElo "2146"]
[BlackElo "2360"]

1.d4 d5 2.c4 Nc6 3.Nc3 dxc4 4.Nf3 Nf6 5.e4 Bg4 6.Be3 e6 7.Qa4 Nd7 8.Qxc4 Nb6
9.Qd3 Bxf3 10.gxf3 Qf6 11.f4 O-O-O 12.O-O-O Bc5 13.e5 Qh4 14.Qe4 Bb4 15.Ne2 g6
16.a3 Bf8 17.Bg2 Nd5 18.Kb1 Qg4 19.Bf3 Qh3 20.Bg2 Qf5 21.Qxf5 gxf5 22.Bxd5 Rxd5
23.Nc3 Rd7 24.d5 Ne7 25.dxe6 fxe6 26.Rxd7 Kxd7 27.Rd1+ Kc8 28.Nb5 Nc6 29.Bxa7 b6
30.b4 Bh6 31.Bxb6 cxb6 32.Nd6+ Kc7 33.Nf7 Ra8 34.Nxh6 Rxa3 35.Nf7 Rb3+ 36.Ka1 Rxb4
37.Ng5 Nd8 38.Rd6 Rxf4 39.Nxe6+ Nxe6 40.Rxe6 Rxf2 41.Rh6 f4 42.Rxh7+ Kc6
43.e6 f3 44.Rf7 Kd6 45.e7 Kd7 46.h4 Ke8 47.Rf4 Kxe7 48.h5 Kd6 49.h6 Kc5 50.h7 Rh2
51.Rxf3 Rxh7 52.Kb2 Rh4 53.Rg3 Kb4 54.Rf3 Rh2+ 55.Kb1 b5 56.Rg3 Ka4 57.Rf3 b4
58.Rg3 Rh1+ 59.Kb2 Rh2+ 60.Kb1 b3  1/2-1/2

[Event "Open"]
[Site "Mariupol UKR"]
[Date "2003.07.15"]
[Round "5"]
[White "Tishin,D"]
[Black "Korobkov,P"]
[Result "1/2-1/2"]
[WhiteElo "2310"]
[BlackElo "2385"]

1.d4 d5 2.c4 Nc6 3.Nf3 e5 4.dxe5 Bb4+ 5.Bd2 dxc4 6.a3 Bxd2+ 7.Nbxd2 c3 8.bxc3 Nge7
9.Nb3 Qxd1+ 10.Rxd1 Ng6 11.Nbd4 Bd7 12.e6 fxe6 13.e3 Ke7 14.Bd3 Nge5 15.Nxc6+ Nxc6
16.Rb1  1/2-1/2

[Event "3rd Open"]
[Site "St Chely d'Aubrac FRA"]
[Date "2003.07.17"]
[Round "7"]
[White "Serafimov,D BUL"]
[Black "Rabineau,C"]
[Result "0-1"]
[WhiteElo "2234"]
[BlackElo "2114"]

1.c4 Nc6 2.d4 d5 3.Nf3 Bg4 4.Nc3 e6 5.e3 Bb4 6.Be2 Nf6 7.O-O O-O 8.h3 Bh5
9.Qb3 Bxc3 10.Qxc3 Ne4 11.Qc2 Rb8 12.a3 Qf6 13.b4 Rfc8 14.Bb2 Nd6 15.cxd5 exd5
16.Ne5 Bxe2 17.Qxe2 Qe6 18.f4 f5 19.g4 Ne7 20.b5 Ne4 21.Kg2 g6 22.a4 b6 23.Rfc1 fxg4
24.hxg4 c5 25.dxc5 bxc5 26.Rh1 Rc7 27.Rh6 d4 28.exd4 Qd5 29.Qc4 Qxc4 30.Nxc4 cxd4
31.Na3 Nc3 32.Rh3 Ned5 33.Rf3 Rf8 34.Kg3 Rxf4 35.Rxf4 Ne2+ 36.Kf3 Ndxf4 37.Bxd4 g5
38.Be5 Rd7 39.Nc4 Rd3+ 40.Ke4 Ng3+  0-1

[Event "18th Touraine Open"]
[Site "Avoine FRA"]
[Date "2003.07.19"]
[Round "1"]
[White "Payen,A"]
[Black "Demoulin,P"]
[Result "1-0"]
[WhiteElo "2363"]
[BlackElo "2119"]

1.d4 d5 2.c4 Nc6 3.Nf3 Bg4 4.Nc3 e6 5.e3 Nf6 6.Qb3 Bxf3 7.gxf3 a6 8.f4 Qd7
9.cxd5 Nxd5 10.a3 Na5 11.Qc2 b5 12.Bg2 c6 13.e4 Nf6 14.Be3 Be7 15.a4 b4 16.Ne2 O-O
17.Nc1 Ng4 18.Nd3 Nxe3 19.fxe3 Bh4+ 20.Ke2 Rab8 21.e5 Qa7 22.Be4 b3 23.Qc5 Qb6
24.Rhc1 Qd8 25.Qc3 Be7 26.Qe1 Rb6 27.Qxa5 f5 28.exf6 Rxf6 29.Rg1  1-0

[Event "KB Czech Open"]
[Site "Pardubice CZE"]
[Date "2003.07.21"]
[Round "4"]
[White "Neumann,P"]
[Black "Brynell,S"]
[Result "1-0"]
[WhiteElo "2020"]
[BlackElo "2511"]

1.d4 d5 2.c4 Nc6 3.Nc3 dxc4 4.Nf3 Nf6 5.e4 Bg4 6.Be3 e6 7.Bxc4 Bb4 8.Qd3 O-O
9.Bb5 Bxc3+ 10.bxc3 Bxf3 11.gxf3 Ne7 12.h4 a6 13.Ba4 c5 14.Bc2 cxd4 15.cxd4 Nh5
16.Rg1 Rc8 17.Rg5 g6 18.Bb3 Qd6 19.Qd2 Rfd8 20.Ke2 Qh2 21.Rag1 Nc6 22.R1g4 Nf6
23.Rg2 Qxh4 24.Qb2 Nh5 25.R2g4 Qh1 26.d5 exd5 27.Bxd5 Ne7 28.Bb3 Rd6 29.Qe5 Rf6
30.Qxe7 Qxf3+ 31.Kd2 Rcc6 32.Rxh5  1-0